01043nam a2200205 a 4500008004100000020001500041050001200056100003500068245008300103260003200186300002000218350000900238650002100247650002800268995014200296995014200438999001700580952012000597952012000717120416s1999 ||||||||||||||||| || u a155775795X aIMF(02) aJohnston, R. B. (Robert Barry)10aExchange rate arrangements and currency convertibility: development and issues aWashington, D.C.bIMFc1999 ax, 171p. : ill. a0.00 aFOREIGN EXCHANGE aCURRENCY CONVERTIBILITY aSPECIAL COLLECTIONSD0.00e027880FCBU-MAIN LIBRARY (Kitwe)H1I25.00jIMF(02)1999/ 8AM1UAVAILABLEy027880ZAnnex Low-Usage Collection  aSPECIAL COLLECTIONSD0.00e027879FCBU-MAIN LIBRARY (Kitwe)H2I25.00jIMF(02)1999/ 8BM2UAVAILABLEy027879ZAnnex Low-Usage Collection  c62922d62922 00102lcc4070a001b001cAnnex Low-Usage Collection d2022-12-16l0oIMF(02)p027880r2022-12-16w2022-12-16y002 00102lcc4070a001b001cAnnex Low-Usage Collection d2022-12-16l0oIMF(02)p027879r2022-12-16w2022-12-16y002